Vodnyj obmen na fone vertikal´nogo drenaža /
Uložené v:
| Hlavný autor: | |
|---|---|
| Médium: | Kniha |
| Jazyk: | Russian |
| Vydané: |
Jerevan :
Ajastan,
1988
|
| Vydanie: | 1. izd. |
| ISBN: |
5540001788 (viaz.) |
| Fyzický popis: |
269 s. |
| Tagy: |
Pridať tag
Žiadne tagy, Buďte prvý kto otaguje tento záznam!
|
Titul je dostupný aj v ... 

MARC
| LEADER | 00000nam a2200000 a 4500 | ||
|---|---|---|---|
| 001 | 000282995 | ||
| 005 | 20061110133445.0 | ||
| 008 | 061110s1988 ai e 000 0 ruso | ||
| 020 | |a 5540001788 (viaz.) | ||
| 040 | |a SVKKK |b slo |c SVKKK |e AACR2 | ||
| 041 | 0 | |a rus | |
| 044 | |a ai |c AM | ||
| 100 | 1 | |a Kazarjan, Sarkis Mnacakanovič |4 aut | |
| 245 | 1 | 0 | |a Vodnyj obmen na fone vertikal´nogo drenaža / |c Sarkis Mnacakanovič Kazarjan |
| 250 | |a 1. izd. | ||
| 260 | |a Jerevan : |b Ajastan, |c 1988 | ||
| 300 | |a 269 s. | ||
| 919 | |a 5-540-00178-8 | ||
| 998 | |a BK | ||
| 090 | |g SCKHL |k Sklad Pribinova 2. posch. |a II.318319 |j 784218 |i B83367 |s Absenčne | ||